|
|
|
|
| LEADER |
00000nam a2200000 a 4500 |
| 001 |
vtls008366172 |
| 003 |
SK-MaSNL |
| 005 |
20260301140407.0 |
| 008 |
251124s1907 xo slo |
| 015 |
|
|
|a SKSNBA19011918-000346
|
| 035 |
|
|
|a SK01SNKBSKFE20010058389
|
| 035 |
|
|
|a SKM000060852
|
| 040 |
|
|
|a SNK
|b slo
|c SNK
|e AACR2
|
| 041 |
1 |
|
|a slo
|
| 044 |
|
|
|a xo
|
| 080 |
|
|
|a 784
|2 1981
|
| 100 |
1 |
|
|a Bulla, Blažej,
|d 1852-1919
|4 aut
|4 cmp
|9 17065
|
| 245 |
1 |
0 |
|a Bože ráč nás...
|b chorál, mužský sbor ; Zaševelil vetrík... : miešaný sbor
|c slová a hudba Blažej Bulla
|
| 260 |
|
|
|a Turčiansky Sv. Martin
|b [s.n.]
|c 1907
|e Turčiansky Sv. Martin
|f Kníhtlačiarsky účastinársky spolok
|
| 300 |
|
|
|a 7 s.
|c 8°
|
| 500 |
|
|
|a Obál. tit.
|
| 500 |
|
|
|a Bulla, Blažej: Nar. 19.5.1852 v Ústí n/O., zomrel 1.11.1910 v Martine (Ha)
|
| 505 |
0 |
|
|a Bože ráč nás... Str. [3]. Zaševelil vetrík, str. [5]-7
|
| 650 |
0 |
7 |
|a piesne zborové
|2 SNK
|9 309638
|
| 655 |
|
7 |
|a knihy
|2 SNKPH
|9 307098
|
| 655 |
|
7 |
|a hudobniny
|2 SNKPH
|9 293743
|
| 852 |
|
|
|a Slovenská národná knižnica v Martine
|b 10000
|h MS SD 2112/8
|
| 852 |
|
|
|a Univerzitná knižnica v Bratislave
|b 300000
|h SC 141
|
| 852 |
|
|
|a Univerzitná knižnica v Bratislave
|b 300000
|h XX C 117
|
| 958 |
|
|
|a ONDV
|
| 958 |
|
|
|a RK
|
| 958 |
|
|
|a TL
|
| 999 |
|
|
|c 763515
|d 765445
|
| 952 |
|
|
|a SNK
|b SNK
|y PREZ
|7 0
|p 17A0500623
|o snkSD 2112/8 D1
|i snkF 2011/68
|8 5
|z R. 1907 - prezenčne knihy
|0 0
|1 0
|4 0
|d 2006-03-14
|l 0
|r 2026-02-24 00:11:25
|w 2026-02-24
|
| 952 |
|
|
|a SNK
|b SNK
|y PREZ
|7 0
|p 17A0500152
|o snkSD 2112/8 D2
|i snkF 2012/68
|8 5
|z R. 1907 - prezenčne knihy
|0 0
|1 0
|4 0
|d 2006-03-14
|l 0
|r 2026-02-24 00:11:25
|w 2026-02-24
|